| 000 | 01428camaa2200385 i 4500 | ||
|---|---|---|---|
| 999 |
_c200446071 _d64283 |
||
| 001 | 200446071 | ||
| 003 | TR-AnTOB | ||
| 005 | 20240810073811.0 | ||
| 007 | ta | ||
| 008 | 020109s2001 tu d b 000 0 tur d | ||
| 020 | _a9751929091 | ||
| 035 | _a(TR-AnTOB)200446071 | ||
| 040 |
_aBGZ _beng _erda _cBGZ _dTR-AnTOB |
||
| 041 | 0 | _atur | |
| 050 | 4 |
_aSB406.66.T9 _bB58 2001 |
|
| 090 |
_aSB406.66.T9 _bB58 2001 |
||
| 245 | 0 | 0 |
_aBitkisel üretim Özel İhtisas Komisyonu : _bSüs bitkileri Alt Komisyon raporu. |
| 246 | 3 | 3 | _aSüs bitkileri Alt Komisyon raporu. |
| 246 | 3 | 5 | _aSekizinci Beş Yıllık Kalkınma Planı Bitkisel üretim özel İhtisas Komisyonu : Süs bitkileri Alt Komisyon raporu |
| 264 | 1 |
_aAnkara : _bDPT, _c2001. |
|
| 300 |
_a138 pages : _btables ; _c27 cm |
||
| 336 |
_atext _btxt _2rdacontent |
||
| 337 |
_aunmediated _bn _2rdamedia |
||
| 338 |
_avolume _bnc _2rdacarrier |
||
| 490 | 0 |
_aSekizinci beş yıllık kalkınma planı ; _vyayın no :DPT: 2645-ÖİK: 653. |
|
| 500 | _aOther title: Süs bitkileri Alt Komisyon raporu. | ||
| 500 | _aAdded title: Sekizinci Beş Yıllık Kalkınma Planı Özel İhtisas Komisyonu Raporu. | ||
| 500 | _aDPT'nin 41. yılı. | ||
| 504 | _aBIB | ||
| 650 | 7 |
_aSüs bitkileri endüstrisi _zTürkiye _2etuturkob _9134865 |
|
| 710 | 2 |
_aDevlet Planlama Teşkilatı (Türkiye) _934114 |
|
| 942 |
_2lcc _cBK |
||